Normal view
MARC view
- Curtis, Gerald L
Entry Personal Name
001 - CONTROL NUMBER
- control field: 101999
003 - CONTROL NUMBER IDENTIFIER
- control field: NUST
005 - DATE AND TIME OF LATEST TRANSACTION
- control field: 20221031133415.0
008 - FIXED-LENGTH DATA ELEMENTS
- fixed length control field: 221031|| aca||aabn | a|a d
040 ## - CATALOGING SOURCE
- Original cataloging agency: NUST
- Transcribing agency: NUST
100 ## - HEADING--PERSONAL NAME
- Personal name: Curtis, Gerald L
670 ## - SOURCE DATA FOUND
- Source citation: Work cat.: (NUST)0: Curtis, Gerald L., The logic of Japanese politics :, c1999.
